[Event "Budapest Spring Festival 2018"]
[Site "Budapest"]
[Date "2018.04.23"]
[Round "6"]
[White "Donchenko, Alexander"]
[Black "Gledura, Benjamin"]
[Result "1/2-1/2"]
[WhiteElo "2574"]
[BlackElo "2616"]
[Annotator "TA"]
[PlyCount "240"]
[EventDate "2018.??.??"]
[EventType "swiss"]
[EventCountry "HUN"]
[SourceTitle "playchess.com"]
[Source "ChessBase"]
[SourceQuality "1"]

{[%evp 22,240,17,0,42,42,41,41,35,44,59,60,52,53,40,39,70,66,84,78,83,82,82,82,82,71,82,82,91,74,91,67,77,63,82,82,93,93,93,93,100,93,104,93,98,93,93,93,97,93,97,91,91,91,91,91,97,91,95,91,95,87,95,95,102,102,102,102,102,102,102,102,102,102,123,102,141,102,110,102,105,95,95,95,95,88,123,93,94,95,136,136,136,136,136,136,136,136,136,128,136,136,136,136,136,136,136,136,136,136,136,109,136,136,136,131,136,129,136,136,136,129,136,136,136,136,136,129,136,136,136,136,136,129,136,136,136,136,136,136,136,136,136,129,136,129,129,129,129,129,129,129,129,129,129,113,129,113,129,129,129,129,129,100,129,118,121,118,118,118,129,129,129,129,129,129,129,118,129,129,129,129,146,112,141,0,122,47,47,17,14,16,47,47,47,47,47,47,47,47,47,47,47,47,47,47,47,47,47,0,47,0,47,47,47,47,47,47,47,47,47]} 1. Nf3 c5 2. c4 Nc6 3. Nc3 g6 4. e3 Nf6 5. d4 cxd4 6. exd4 d5 7. cxd5 Nxd5 8. Qb3 e6 9. Bb5 Bg7 10. O-O {A35: Symmetrical English: 2 Nc3 Nc6 3 Nf3} O-O 11. Bxc6 bxc6 12. Re1 {LiveBook: 3 Games. The position is equal.} Nxc3 $146 ({Predecessor:} 12... Qd6 13. Ne4 Qb4 14. Qc2 a5 15. a3 Qb6 16. Nc5 Re8 17. Ne5 f6 {1-0 (33) Giri,A (2752)-Mamedyarov,S (2804) Wijk aan Zee 2018}) 13. bxc3 Ba6 14. Ba3 Re8 15. Ne5 Qd5 16. Bc5 Bxe5 17. Rxe5 Qc4 18. Bb4 Qxb3 19. axb3 Bb7 20. f4 f6 21. Rea5 a6 22. Kf2 Rad8 23. Ke3 h6 24. h4 Kf7 25. g3 Rd7 26. Re1 Rd5 27. Kd3 Rb5 28. Ra4 Rd5 29. c4 Rd7 30. Kc3 Rg8 31. Ra5 Bc8 32. Rf1 Ke8 33. Ra2 Rf7 34. Re2 Kd7 35. Ref2 Kc7 36. Bc5 Re8 37. Kb4 Rg7 38. Re1 Rgg8 39. Ka5 Bd7 40. Re3 h5 41. Rh2 Bc8 42. Kb4 Bd7 43. Kc3 Bc8 44. Bb4 Bd7 45. Ba5+ Kd6 46. Ra2 Bc8 47. Bb6 Bb7 48. Ra4 Rb8 49. Ba7 {Strongly threatening Rb4.} Ra8 50. Bc5+ Kd7 51. Rb4 Rgb8 52. Re1 Bc8 53. Ra4 Bb7 54. Re2 Bc8 55. Rg2 f5 56. Re2 Bb7 57. Re1 Re8 58. Re3 Reb8 59. Ra1 Re8 60. Kb4 Rab8 61. Ba7 Ra8 62. Bb6 $1 Kd6 63. Ka5 Kd7 64. Rae1 Rab8 65. Bc5 Bc8 66. Ba7 Ra8 {[#]} 67. Bb6 $1 Bb7 68. Kb4 Kd6 69. Ba5 Rab8 70. Kc3 Kd7 71. Ra1 Bc8 72. Bb4 Bb7 73. Re5 Ra8 74. Ra4 Rab8 75. Bc5 Bc8 76. Ba3 Bb7 77. Rea5 Kc7 78. Bc5 Bc8 79. Ra1 Bb7 80. Re1 Kd7 81. Ra3 Bc8 82. Re5 Bb7 83. Kb4 Bc8+ 84. Ka5 Kc7 85. Re3 Bd7 86. Ra4 Rb7 87. Ra2 Reb8 88. Ka4 Re8 89. Rae2 Rbb8 90. Ka5 Rb7 91. Re1 Rbb8 92. Ka4 Rb7 93. Ka3 Rbb8 94. Kb2 Ra8 95. Kc3 Rab8 96. Ra1 Ra8 97. Re2 Reb8 98. Be7 Rb7 99. Bf6 Kd6 100. Ra5 Bc8 101. b4 Kd7 102. Be5 Rb6 103. Bf6 (103. Rea2 $16) 103... Rab8 {[#]} (103... Rb7 $1 $11 {remains equal.}) 104. Ra4 ({Better is} 104. Rb2 $1 $16) 104... a5 $1 $14 {[%cal Rb6b4]} 105. Rxa5 {aiming for Be5.} Rxb4 106. Ra7+ R8b7 107. Rxb7+ Rxb7 {[%mdl 4096] Endgame KRB-KRB} 108. Ra2 Rb6 109. Ra7+ Rb7 110. Ra5 Rb6 111. Be5 Ra6 112. Kb4 Bb7 113. Bb8 Rb6+ 114. Kc5 Ra6 115. Kb4 Rb6+ 116. Kc5 Ra6 117. Rxa6 {White is slightly better.} Bxa6 118. Be5 Ke7 119. Bg7 Kd7 120. Bf6 Ke8 {Precision: White = 62%, Black = 49%.} 1/2-1/2

[Event "Budapest Spring Festival 2018"]
[Site "Budapest"]
[Date "2018.04.23"]
[Round "6"]
[White "Savchenko, Boris"]
[Black "Repka, Christopher"]
[Result "1-0"]
[WhiteElo "2563"]
[BlackElo "2521"]
[Annotator "TA"]
[PlyCount "97"]
[EventDate "2018.??.??"]
[EventType "swiss"]
[EventCountry "HUN"]
[SourceTitle "playchess.com"]
[Source "ChessBase"]
[SourceQuality "1"]

{[%evp 14,97,30,32,40,50,47,44,44,47,56,47,72,64,108,120,93,75,109,80,126,122,125,108,127,52,60,61,67,33,44,35,50,19,82,38,115,111,175,173,176,170,169,145,912,865,799,110,125,100,93,100,121,65,99,65,73,73,83,91,164,175,285,278,381,327,640,317,356,0,618,352,646,633,576,568,936,856,1229,1040,1362,1272,2921,2208,29971,29970]} 1. e4 e6 2. d4 d5 3. Nc3 Nf6 4. Bg5 dxe4 5. Nxe4 Be7 6. Bxf6 gxf6 7. Nf3 a6 8. c4 {LiveBook: 48 Games. C13: French: Classical System: 4 Bg5 Be7, Alekhine-Chatard Attack} (8. Qe2 f5 9. Nc3 Qd6 10. g3 b5 11. Bg2 Bb7 12. O-O b4 13. Na4 Nd7 14. c4 Be4 15. Rad1 O-O {1-0 (34) Oparin,G (2607)-Esipenko,A (2571) Moscow 2018}) 8... Nc6 9. Qd2 $146 ({Predecessor:} 9. Nc3 h5 10. g3 e5 11. d5 Bg4 12. Be2 Bxf3 13. Bxf3 Nd4 14. Bxh5 Qd7 15. Bf3 f5 {½-½ (51) Maerten,T (2179)-Ploenes,H (2134) GER email 2003}) 9... e5 {Strongly threatening ...Bb4.} 10. d5 {White is slightly better.} Bb4 11. Nc3 Ne7 12. O-O-O Bg4 13. a3 Bxf3 14. gxf3 Bxc3 15. Qxc3 Qd7 {[#]} 16. f4 $1 {[%mdl 512]} Ng6 (16... exf4 17. Qxf6) 17. fxe5 fxe5 18. f4 e4 19. h4 (19. Kb1 $16) 19... O-O-O $1 $14 20. c5 {[%cal Bc4c5,Bc5c6][%mdl 32]} Nxf4 21. c6 Qd6 22. Bc4 Rde8 {Hoping for ...b5.} 23. Qe3 $40 {[%mdl 128] Rhf1 is the strong threat. White mounts an attack.} Nd3+ (23... Kb8 $11) 24. Kb1 bxc6 (24... Kb8 $1 $14) 25. Qa7 $16 cxd5 (25... c5 $16) 26. Bxa6+ $18 Kd8 {Threatening ...Ne5.} 27. Bxd3 exd3 28. Rxd3 {Threatens to win with Qa5.} Rhf8 $2 {[%mdl 8192]} (28... Ke7 $16 29. Rf1 f6) 29. Rc1 {White threatens Rxd5! and mate.} Kd7 {[#]} 30. Rxc7+ $3 {[%mdl 512]} Qxc7 $16 31. Rxd5+ Ke6 32. Qxc7 {[%csl Gd5][%cal Rc7e5]} Kxd5 {[%mdl 4096] Endgame KQ-KRR} 33. Qd7+ (33. Qf4 $16) 33... Ke5 34. Qb5+ Ke4 35. Qe2+ Kf4 36. Qf2+ Kg4 (36... Ke5 $16 37. Qg3+ Ke6 38. Qe3+ Kd5 39. Qd3+ Ke5 40. Qc3+ (40. Qxh7 f5 $18) 40... Ke6 41. Qe3+ Kf5 42. Qg5+ Ke6 43. Qh6+ Ke5 44. Qg7+ (44. Qxh7 f5 $18) 44... Kf4 45. Qf6+ Kg3) 37. Qf6 $18 h6 (37... Rg8 $142 38. Qxf7 h5) 38. a4 {[%cal Ba3a4,Ba4a5,Ba5a6,Ba6a7][%mdl 32]} Kh5 39. a5 Re6 $2 (39... Re1+ 40. Kc2 Re2+ 41. Kb3 Re3+ 42. Ka4 Re6 43. Qf5+ Kxh4) 40. Qg7 (40. Qf5+ $142 Kxh4 {[#]} 41. a6 $1 {[%mdl 512]}) 40... Ree8 41. Qf6 $2 (41. Qg3) 41... Re6 $1 {[%cal Re6f6]} 42. Qf5+ Kxh4 {[#]} 43. a6 $1 {[%mdl 512]} Kg3 {intending ...Ra8.} (43... Rxa6 44. Qe4+) 44. a7 Ree8 45. b4 {[%cal Bb2b4,Bb4b5,Bb5b6,Bb6b7][%mdl 32]} h5 46. Qg5+ Kf3 47. b5 Rh8 48. b6 h4 49. b7 {Precision: White = 67%, Black = 31%.} 1-0

[Event "Budapest Spring Festival 2018"]
[Site "Budapest"]
[Date "2018.04.23"]
[Round "6"]
[White "Ivanisevic, Ivan"]
[Black "Krzyzanowski, Marcin"]
[Result "1-0"]
[WhiteElo "2562"]
[BlackElo "2472"]
[Annotator "TA"]
[PlyCount "67"]
[EventDate "2018.??.??"]
[EventType "swiss"]
[EventCountry "HUN"]
[SourceTitle "playchess.com"]
[Source "ChessBase"]
[SourceQuality "1"]

{[%evp 12,67,4,13,17,14,29,0,7,0,18,7,6,21,12,14,6,-62,23,27,66,48,40,34,72,43,85,0,98,89,92,25,97,89,103,111,147,140,159,105,100,0,114,107,118,110,116,111,155,73,321,309,564,572,570,561,2459,2462]} 1. d4 Nf6 2. Nf3 g6 3. Bg5 Bg7 4. Nbd2 d6 5. e4 O-O 6. c3 c5 7. d5 {LiveBook: 61 Games. A48: 1 d4 Nf6 2 Nf3 g6: Torre, London and Colle Systems} (7. dxc5 dxc5 8. Bc4 Nc6 9. Qe2 Qc7 10. O-O h6 11. Bxf6 Bxf6 12. Qe3 Bg7 13. Qxc5 b6 14. Qe3 Bb7 15. Rfd1 e6 16. Be2 Rfd8 17. Nf1 a6 18. h4 b5 19. N1h2 Rxd1+ 20. Rxd1 {1-0 (35) Harikrishna,P (2744)-Duda,J (2717) Riadh 2017}) 7... Nbd7 8. Bd3 h6 $146 ({Predecessor:} 8... b5 9. O-O c4 10. Bc2 Nc5 11. h3 Bd7 12. Nd4 e5 {1-0 (64) Ushenina,A (2494)-Khotenashvili,B (2504) Beijing 2014}) 9. Bh4 {White has an edge.} Nh5 10. O-O Nf4 11. Bc2 b5 12. Re1 $36 {[%mdl 2048] Black is under pressure.} b4 13. cxb4 cxb4 14. Nb3 ({Better is} 14. Rb1 $11) 14... Ne5 (14... Bxb2 $15 15. Rb1 Bc3) 15. Nxe5 $11 dxe5 16. f3 a5 17. Rc1 Qd6 18. Bf2 (18. Bd3 $5) 18... g5 19. Nc5 ({White should try} 19. Be3 $16) 19... h5 (19... Bh3 $1 $11) 20. Ba4 g4 21. Kh1 ({White should play} 21. Rc2 $16) 21... Bh6 (21... gxf3 $11 22. gxf3 (22. Qxf3 Bg4 $11) 22... Bh6) 22. Rc2 $16 gxf3 23. Qxf3 Kh7 24. Be3 Bg4 25. Qf1 (25. Qf2 $142) 25... Rg8 26. Rf2 (26. Nd3 $16 {Rc6 is the strong threat.} Nxd3 27. Qxd3) 26... h4 (26... Nxg2 $1 $11 {keeps the balance.} 27. Rxf7+ (27. Qxg2 Bxe3 28. Rxe3 Qxc5 $14) 27... Kh8 28. Qxg2 Bxe3 29. Rxe3 Qxc5) 27. Bxf4 exf4 28. Nd3 e5 {[#]} 29. dxe6 $1 fxe6 30. e5 ({Don't do} 30. Nxf4 Rgf8 $16) (30. h3 $142 Bh5 31. Nxf4 Bxf4 32. Rxf4) 30... Qb6 $2 (30... Qa6 $16) 31. Nxf4 $18 Raf8 $2 (31... Rgf8 {keeps fighting.} 32. h3 (32. Bc2+ Kg8 $18) 32... Bh5 33. Qd3+ Kh8 34. Ng6+ Bxg6 35. Qxg6 (35. Rxf8+ Kg7 $16) 35... Rxf2) 32. Bc2+ {White is clearly winning.} Kg7 33. h3 ({Less strong is} 33. Qd3 Bf5 $16) 33... Qc5 {[#]} 34. Qd3 $1 {[%mdl 512] Precision: White = 56%, Black = 33%.} 1-0

[Event "Budapest Spring Festival 2018"]
[Site "Budapest"]
[Date "2018.04.23"]
[Round "6"]
[White "Maiorov, Nikita"]
[Black "Kanmazalp, Ogulcan"]
[Result "1/2-1/2"]
[WhiteElo "2543"]
[BlackElo "2471"]
[Annotator "TA"]
[PlyCount "55"]
[EventDate "2018.??.??"]
[EventType "swiss"]
[EventCountry "HUN"]
[SourceTitle "playchess.com"]
[Source "ChessBase"]
[SourceQuality "1"]

{[%evp 20,55,20,11,14,5,22,12,16,16,14,21,35,29,25,4,8,6,18,0,20,-1,12,0,14,0,0,0,0,0,0,0,0,0,0,0,0,0]} 1. d4 Nf6 2. Nf3 d5 3. c4 e6 4. Nc3 Be7 5. Bg5 Nbd7 6. e3 h6 7. Bh4 O-O 8. Rc1 c5 {D63: Queen's Gambit Declined: Classical: 7 Rc1} 9. dxc5 (9. cxd5 Nxd5 10. Bxe7 Nxe7 11. Be2 {½-½ (11) Bu,X (2730)-Anand,V (2782) Riadh 2017}) 9... dxc4 10. c6 bxc6 11. Bxc4 {LiveBook: 6 Games} Nb6 $146 ({Predecessor:} 11... Bb7 12. Qe2 Qa5 13. O-O Rfd8 14. Rfd1 Nf8 15. Bd3 Rd7 16. Nd2 {½-½ (37) Zubov,A (2623)-Moussard,J (2567) Bastia 2017}) 12. Bd3 (12. Be2 {looks sharper.} Qxd1+ 13. Bxd1 c5 14. O-O Nbd5 15. Ne5) 12... Bb7 13. O-O c5 14. Qe2 Nh5 15. Bxe7 Qxe7 16. Nd2 Nf6 17. Rc2 Rfd8 {The position is equal.} 18. Rfc1 Rac8 {[%cal Ba8c8,Bc8c7,Bc7d7,Bd7d2][%mdl 32]} 19. Bb5 Rc7 20. Nc4 Nxc4 21. Bxc4 Ne4 22. Qe1 Nxc3 23. Rxc3 Rcd7 24. Bf1 Rd2 25. R3c2 Qd6 26. f3 Rxc2 27. Rxc2 Ba6 28. Bxa6 {Precision: White = 42%, Black = 86%.} 1/2-1/2

[Event "Budapest Spring Festival 2018"]
[Site "Budapest"]
[Date "2018.04.23"]
[Round "6"]
[White "Antal, Gergely"]
[Black "Nitin, S."]
[Result "1/2-1/2"]
[WhiteElo "2534"]
[BlackElo "2408"]
[Annotator "TA"]
[PlyCount "44"]
[EventDate "2018.??.??"]
[EventType "swiss"]
[EventCountry "HUN"]
[SourceTitle "playchess.com"]
[Source "ChessBase"]
[SourceQuality "1"]

{[%evp 24,44,45,17,13,8,5,16,15,0,0,-4,0,-14,16,-26,-35,-26,-33,-34,-6,-14,-27]} 1. e4 c5 2. Nf3 d6 3. Bb5+ Nd7 4. d4 Ngf6 5. O-O cxd4 6. Qxd4 e5 7. Qd3 h6 8. c4 a6 9. Bxd7+ Bxd7 10. Nc3 Be7 11. Rd1 {B51: Sicilian: Moscow Variation (3 Bb5+) without 3...Bd7} (11. a4 O-O 12. b3 Be6 13. Be3 Ng4 14. Rfd1 Nxe3 15. Qxe3 Rc8 16. Nxe5 Bg5 17. f4 Bxf4 18. Qxf4 dxe5 19. Rxd8 exf4 20. Rxc8 Rxc8 {½-½ (32) Anand,V (2779)-Topalov,V (2760) Saint Louis 2016}) 11... O-O 12. c5 dxc5 {[#]} 13. Bxh6 $1 {[%mdl 512] LiveBook: 5 Games. White is slightly better.} c4 (13... gxh6 $6 14. Nxe5 b5 15. Qf3 $16 (15. Nxd7 Nxd7 16. Qxd7 Qxd7 $16)) 14. Qe2 Qc7 $1 ({Reject} 14... gxh6 $6 15. Nxe5 Bb4 16. Nxd7 $16) 15. Bg5 {Hoping for Bxf6.} Be6 16. Bxf6 Bxf6 17. Nd5 Bxd5 $1 18. exd5 $146 ({Predecessor:} 18. Rxd5 Rfd8 {1-0 (31) Bodrozic,T (2351)-Bikadi,E (2025) Novi Sad 2015}) 18... b5 19. Qe4 Qd6 20. h4 Rac8 21. Rac1 Rc5 22. b3 {[%cal Rb3c4]} c3 {Precision: White = 50%, Black = 72%.} 1/2-1/2

[Event "Budapest Spring Festival 2018"]
[Site "Budapest"]
[Date "2018.04.23"]
[Round "6"]
[White "Kotronias, Vasilios"]
[Black "Grinberg, Eyal"]
[Result "1-0"]
[WhiteElo "2509"]
[BlackElo "2452"]
[Annotator "TA"]
[PlyCount "105"]
[EventDate "2018.??.??"]
[EventType "swiss"]
[EventCountry "HUN"]
[SourceTitle "playchess.com"]
[Source "ChessBase"]
[SourceQuality "1"]

{[%evp 9,105,0,0,0,36,33,46,43,41,42,46,45,36,45,35,33,47,52,39,-39,0,0,2,0,45,27,20,0,0,13,0,8,3,0,18,14,18,0,52,0,29,-24,0,0,42,9,0,0,0,0,0,0,0,0,0,-7,-7,-18,12,0,0,0,38,38,86,74,87,87,166,167,205,91,91,0,30,23,23,22,59,69,69,69,82,75,143,143,143,143,143,145,564,510,1228,1839,1448,1135,2321,5825]} 1. e4 c5 2. Nc3 d6 3. d4 cxd4 4. Qxd4 Nc6 5. Qd2 (5. Bb5 Bd7 6. Bxc6 Bxc6 7. Nge2 Nf6 8. f3 e5 9. Qd3 h6 10. Be3 Be7 11. O-O-O {0-1 (37) Guseinov,G (2646)-Amonatov,F (2636) Riadh 2017}) 5... Nf6 6. b3 {B23: Closed Sicilian: Lines without g3} g6 7. Bb2 $146 ({Predecessor:} 7. Bc4 Bg7 8. Nf3 Nxe4 9. Nxe4 Bxa1 10. c3 Bf5 11. Neg5 e6 {0-1 (21) Windle,N (1316)-Zillmer,J (1435) IECC email 2000}) 7... Bg7 8. O-O-O {White is slightly better.} O-O 9. f3 Qa5 10. Kb1 Be6 11. Nge2 Rac8 12. Nf4 Bh6 13. g3 Nh5 14. Bb5 (14. Nce2 $14) 14... Rfe8 15. a3 a6 16. Be2 Bd7 17. Rhg1 Ne5 18. Ncd5 Qxd2 19. Rxd2 Bc6 20. Rdd1 Nxf4 21. gxf4 Nd7 22. f5 Bg7 23. Bc1 Nf6 (23... Bxd5 $11 24. Rxd5 Rc6) 24. fxg6 (24. Nb6 $14) 24... hxg6 25. c4 ({Better is} 25. Nb6) 25... Bxd5 26. exd5 Nd7 27. f4 {[%cal Bf3f4,Bf4f5,Bf5g6][%mdl 32]} Nc5 $1 28. f5 Nxb3 29. fxg6 f5 30. Bd3 (30. Rg2 {seems wilder.} Nd4 31. Bd3 b5 32. cxb5 Nxb5 33. Bxb5 axb5 34. Rf1) 30... Nxc1 31. Rxc1 Rf8 32. Rcf1 f4 33. Rf3 Bh6 34. Re1 Rc7 35. h4 Kg7 (35... b5 $5) 36. a4 a5 37. Ka2 Rd8 38. Rf2 Kh8 (38... Re8 $16) 39. Rfe2 $1 $18 {[%cal Re2e7]} Re8 40. Re6 (40. c5 $1 $18 {[%cal Rc5d6]} f3 41. cxd6 fxe2 42. dxc7) 40... f3 $16 41. Rf6 ({White should play} 41. R1e4 $16) 41... exf6 {[%cal Be7f6,Bf6f5][%mdl 32]} 42. Rxe8+ $11 {[%mdl 4096] Endgame KRB-KRB} Kg7 43. Kb3 f2 44. h5 Bg5 45. Kc2 f5 $1 46. Kd1 Re7 (46... Bf6 $142) 47. Rxe7+ $16 Bxe7 {KB-KB} 48. c5 dxc5 49. Ke2 Kf6 $2 {[%mdl 8192] [#]} (49... c4 $16 {is tougher.} 50. Bxc4 Kh6) 50. Bxf5 $1 $18 {[%mdl 512] White is clearly winning.} Bf8 {[#]} (50... f1=R $142 51. Kxf1 Bf8) (50... Kxf5 51. g7) 51. d6 $1 {[%cal Bd5d6,Bd6d7][%mdl 32]} c4 52. Kxf2 b5 53. d7 {Precision: White = 58%, Black = 34%.} 1-0

[Event "Budapest Spring Festival 2018"]
[Site "Budapest"]
[Date "2018.04.23"]
[Round "6"]
[White "Korpa, Bence"]
[Black "Beshukov, Sergei"]
[Result "1-0"]
[WhiteElo "2499"]
[BlackElo "2389"]
[Annotator "TA"]
[PlyCount "101"]
[EventDate "2018.??.??"]
[EventType "swiss"]
[EventCountry "HUN"]
[SourceTitle "playchess.com"]
[Source "ChessBase"]
[SourceQuality "1"]

{[%evp 20,101,33,31,66,57,75,0,0,-11,0,0,0,0,0,-60,-61,-39,-48,-66,-60,-105,-100,-107,-103,-102,-100,-119,-116,-143,-142,-165,-150,-166,-138,-139,-132,-142,-140,-152,-143,-151,-150,-157,-150,-193,-159,-212,-215,-260,-260,-410,-294,-404,-388,-606,-604,-535,-535,-527,-193,-298,695,669,654,554,706,705,882,833,979,973,891,685,1205,1191,1319,1319,1319,1312,29977,29978,29970,29970]} 1. e4 c5 2. Nf3 Nc6 3. d4 cxd4 4. Nxd4 Qc7 5. Nc3 e6 6. Be3 Nf6 7. Qf3 {B48: Sicilian: Taimanov: 5 Nc3 Qc7 6 Be3 a6 without Be2} a6 8. O-O-O Nxd4 9. Bxd4 e5 10. Be3 d6 11. h3 {LiveBook: 11 Games} h6 $146 ({Predecessor:} 11... b5 12. Bd3 b4 13. Nd5 Nxd5 14. exd5 a5 {½-½ (43) Caruana,F (2804)-Harikrishna,P (2763) Shamkir 2016}) 12. g4 Be6 13. g5 (13. Kb1 $16) 13... hxg5 $11 14. Bxg5 Rc8 15. Bxf6 gxf6 16. Kb1 Rh4 17. Rg1 ({Better is} 17. Be2 $11) 17... Rf4 $15 18. Qe3 Qc5 19. Qxc5 dxc5 20. Rd2 Rd8 $36 {[%mdl 2048] Keeping White busy.} 21. Nd5 Bxd5 $1 22. exd5 f5 23. c3 Kd7 24. Rg8 Kd6 25. Bg2 Be7 26. Rg7 Rf8 27. f3 b5 28. Kc2 Rh4 29. Bf1 Bf6 30. Rg3 Rf4 31. Be2 Rh8 32. b3 {[#]} e4 $1 33. fxe4 (33. c4 $17 {was called for.}) 33... fxe4 $19 34. a4 Be5 35. Bd1 (35. Re3 {might work better.}) 35... b4 36. cxb4 cxb4 37. Bg4 (37. Rg4 $142 Rxh3 38. Rxf4 Bxf4 39. Rg2) 37... Rf1 38. Rgg2 f5 {[%cal Rh8c8] [#]} 39. Be2 Rc8+ 40. Bc4 Bc3 $4 {[%mdl 8192]} (40... Ra1 $19 41. Rg6+ Kd7 42. Rxa6 Bf4) 41. Bxf1 $18 Bxd2+ 42. Kxd2 Kxd5 43. Bxa6 {[%mdl 4096] Endgame KRB-KR} Rc3 44. Bc4+ Kd4 45. a5 {[%cal Ba4a5,Ba5a6][%mdl 32]} Rxh3 46. a6 {White threatens a7 and mate.} Rh7 47. Rg8 e3+ 48. Ke1 f4 49. Rd8+ Ke5 50. Rd5+ Kf6 51. Rf5+ {Precision: White = 47%, Black = 62%.} 1-0

[Event "Budapest Spring Festival 2018"]
[Site "Budapest"]
[Date "2018.04.23"]
[Round "6"]
[White "Galyas, Miklos"]
[Black "Szeberenyi, Adam"]
[Result "1-0"]
[WhiteElo "2495"]
[BlackElo "2366"]
[Annotator "TA"]
[PlyCount "111"]
[EventDate "2018.??.??"]
[EventType "swiss"]
[EventCountry "HUN"]
[SourceTitle "playchess.com"]
[Source "ChessBase"]
[SourceQuality "1"]

{[%evp 25,111,37,39,23,31,17,18,5,0,0,43,49,50,38,38,38,38,40,79,84,71,47,69,41,75,68,110,110,131,131,113,118,134,132,119,119,129,119,119,119,133,149,143,136,205,212,184,193,381,375,337,377,357,350,410,404,394,393,376,377,377,329,815,819,793,727,729,714,644,616,1451,1245,1790,1713,1758,1477,12838,12839,12839,5705,12841,11729,12844,12844,12845,12845,12845,12846]} 1. Nf3 Nf6 2. c4 c5 3. b3 g6 4. Bb2 Bg7 5. g3 b6 6. Bg2 Bb7 7. O-O O-O 8. d4 cxd4 9. Qxd4 d6 10. Nc3 Ne4 {A30: Symmetrical English: Double Fianchetto and Hedgehog} 11. Qe3 Nxc3 12. Bxc3 Bxc3 13. Qxc3 Nd7 {[#] LiveBook: 10 Games} 14. Rfe1 $146 ({Predecessor:} 14. Rfd1 Rc8 15. Qe3 Rc5 16. Rd4 Re8 17. Rh4 Nf6 18. Qh6 Bxf3 19. Bxf3 {½-½ (34) Rakhmanov,A (2662)-Artemiev,V (2663) Sochi 2016}) 14... Qc7 15. Qd4 Qc5 16. Qh4 {Black must now prevent Ng5.} Nf6 17. e4 Qh5 (17... Rad8 {feels hotter.} 18. e5 dxe5 19. Nxe5 Rd4 20. Qh6 Bxg2 21. Kxg2 Qc7) 18. Qxh5 Nxh5 19. e5 dxe5 $1 20. Nxe5 Bxg2 21. Kxg2 e6 22. Rad1 Rfd8 23. f4 Kf8 24. Kf3 Nf6 25. g4 {[%cal Bg3g4,Bg4g5][%mdl 32]} h5 26. g5 $36 {[%mdl 2048] White is on the roll.} Ng8 27. Nc6 Rdc8 28. Rd6 Ne7 {[#]} 29. Ne5 $1 Rc7 30. Red1 Ke8 31. Nd7 Ng8 32. R1d4 Rac8 33. Ke4 Rd8 {[%cal Rd8d7]} 34. Ne5 Rxd6 (34... Rdc8 $16 {is a better defense.} 35. Rd7 Ne7) 35. Rxd6 $16 {[%mdl 4096] Endgame KRN-KRN} Ne7 36. b4 Nc8 $2 {[#]} (36... Kf8 37. Rd8+ Kg7) 37. Rc6 $1 $18 {[%cal Rc6c7]} Rxc6 38. Nxc6 {KN-KN} Kd7 39. Ne5+ Ke8 40. Kd4 Ne7 41. a4 Nf5+ 42. Kd3 a6 43. Nc6 f6 $2 (43... Nh4 44. Nb8 a5) 44. gxf6 {White is clearly winning.} Kf7 45. Ne5+ Kxf6 46. Nd7+ Ke7 47. Nxb6 Nh6 48. b5 axb5 49. cxb5 {[%cal Bc4b5,Bb5b6][%mdl 32]} Kd6 50. Nc4+ Kc5 51. b6 Kc6 52. a5 {[%cal Ba4a5,Ba5a6,Ba6a7][%mdl 32]} Ng4 53. a6 Nxh2 54. a7 Kb7 55. Nd6+ Ka8 56. Nb5 {Precision: White = 80%, Black = 49%.} 1-0

[Event "Budapest Spring Festival 2018"]
[Site "Budapest"]
[Date "2018.04.23"]
[Round "6"]
[White "Jarmula, Lukasz"]
[Black "Nestorovic, Lazar"]
[Result "1-0"]
[WhiteElo "2492"]
[BlackElo "2382"]
[Annotator "TA"]
[PlyCount "79"]
[EventDate "2018.??.??"]
[EventType "swiss"]
[EventCountry "HUN"]
[SourceTitle "playchess.com"]
[Source "ChessBase"]
[SourceQuality "1"]

{[%evp 24,79,33,30,20,20,41,35,37,0,70,65,166,179,170,170,166,175,175,175,177,155,156,152,143,164,168,169,162,128,115,121,137,135,166,122,187,179,195,190,247,219,415,397,401,393,548,523,539,550,1222,1258,1248,1222,1192,1184,5029,2932]} 1. e4 c5 2. Nc3 a6 3. Nf3 d6 4. d4 cxd4 5. Nxd4 Nf6 6. Be2 e5 7. Nb3 Be7 8. Be3 Be6 9. Nd5 Nxd5 10. exd5 Bf5 11. O-O O-O 12. Qd2 {B92: Sicilian Najdorf: 6 Be2} Nd7 (12... Bg6 13. Rac1 a5 14. a4 Nd7 15. Bb5 f5 16. f4 Nf6 17. g3 Ng4 18. c3 Bf6 19. Rce1 {½-½ (36) Mekhitarian,K (2550)-Oparin,G (2617) Abu Dhabi 2016}) 13. Na5 {LiveBook: 36 Games} Rb8 14. c4 {The position is equal.} h6 15. b4 {[%cal Bb2b4,Bb4c5,Bc5c6,Bc6b7][%mdl 32]} Bg5 16. Bxg5 $146 (16. Rac1 $5) ({Predecessor:} 16. f4 exf4 17. Bxf4 Bg6 18. Rac1 Re8 19. Bxg5 Qxg5 20. Qxg5 hxg5 {1-0 (38) Milman,L (2434)-Matikozian,A (2496) Santa Monica 2005}) 16... hxg5 ({Black should try} 16... Qxg5 $11 17. Qxg5 hxg5) 17. Rac1 $14 g4 (17... Qe7 $14) 18. c5 $18 dxc5 19. bxc5 {c6 is the strong threat.} Nf6 20. Rfd1 Be4 {[%cal Re4d5]} 21. c6 {Hoping for c7.} Qxd5 {[%cal Rb7c6]} 22. Qxd5 ({Weaker is} 22. cxb7 Qxd2 23. Rxd2 Bxb7 $14) 22... Bxd5 {[#]} 23. Rxd5 $1 {[%mdl 512]} Nxd5 24. cxb7 e4 25. Bxa6 {aiming for Nc6.} Nb4 26. Bc4 {[%mdl 1024] White has strong compensation.} Nd3 27. Rb1 {Strongly threatening Nc6.} Ne5 28. Bd5 Rfd8 29. Rb5 Rd6 (29... Kf8 $16 30. Kf1 Ke7 31. Bxe4 Kd6) 30. Kf1 Kf8 31. Bxe4 f6 (31... Re6 {is a better defense.} 32. a4 g6) 32. Rc5 g5 $2 (32... Rd1+ 33. Ke2 Rdd8) 33. Rc8+ Rd8 34. Bf5 Ke7 {[#]} 35. Bxg4 $1 {[%mdl 512] White is clearly winning.} Kd6 (35... Nxg4 36. Nc6+) 36. Bf5 Nd7 37. Nc4+ Ke7 38. Rc7 Ke8 39. Nd6+ Ke7 40. Ne4 {Precision: White = 94%, Black = 34%.} 1-0